1679 1115 1596 1549 1937 1488 1816 1097 1264 1875 1754 1853 1263 1527 1350 1658 1373 1270 1014 1454 1696 1707 1801 1997 1016 1402 1916 1745 1345 1652 1603 1725 1083 1945 1814 1049 1340 1021 1560 1205 1889 1347 1862 1983 1364 1902 1945 1943 1622 1126 1284 1946 1931 1765 1985 1066 1576 1677 1505 1645 1293 1836 1173 1266 1665 1232 1568 1573 1145 1990 1307 1003 1470 1321 1339 1845 1512 1872 1458 1481 1531 1071 1891 1598 1982 1166 1643 1172 1849 1088 1460 1822 1613 1658 1831 1194 1853 1460 1911 BCNSPRNW ULIB Ver.6.0+V

เปลี่ยนเป็นภาษาไทย

Change to English
 แสดงรายละเอียดบรรณานุกรม
  กลับหน้าหลัก

Brief Record : Get Marc (ISO 2709) : E-mail record : QR code < ปิดหน้าต่าง
LEADER : 00000nam 2200000uu 4500
001    13399111330
003     ULIB
008    110622s2551||||th 000 0 tha d
020    9789740321828
060  4 QU50^bส739ช
100 0  สุกัญญา สุนทรส
245 10 ชีวโมเลกุล /^cสุกัญญา สุนทรส, วิเชียร ริมพณิชยกิจ
250    พิมพ์ครั้งที่ 2 ;^bฉบับปรับปรุงแก้ไข
260    กรุงเทพฯ :^bสำนักพิมพ์แห่งจุฬาลงกรณ์มหาวิทยาลัย,^c2551
300    [13], 366 หน้า :^bภาพประกอบ ;^c26 ซม.
650  7 ชีวโมเลกุล
650  7 ชีวเคมี
700 0  วิเชียร ริมพณิชยกิจ
945    ^p250^l0^i14942
945    ^p250^l0^i14960
945    ^p250^l0^i14941
995    กัณชพร
999 ^a ใช้งานได้ทุกระบบ
รายการนี้ยังไม่มีแท็ก
คุณยังไม่ได้ล็อกอิน คุณสามารถมีกิจกรรมร่วมกับเว็บไซต์ได้ แต่ต้องล็อกอินก่อน ::
  ล็อกอิน

รายการสื่อสารสนเทศ

ลำดับที่ ประเภท เลขเรียก/บาร์โค้ด สถานที่ สถานะ
1. วิทยาศาสตร์การแพทย์ และสุขภาพ
วิทยาศาสตร์การแพทย์ และสุขภาพ
QU50 ส739ช  
  Barcode: 14941
ห้องสมุดวิทยาเขตสวรรค์ประชารักษ์
►ส่วนจัดเก็บหนังสือเก่า สปร
บนชั้น
  ขอยืม
2. วิทยาศาสตร์การแพทย์ และสุขภาพ
วิทยาศาสตร์การแพทย์ และสุขภาพ
QU50 ส739ช ฉ.3 
  Barcode: 14960
ห้องสมุดวิทยาเขตสวรรค์ประชารักษ์
►ส่วนจัดเก็บหนังสือเก่า สปร
บนชั้น
  ขอยืม

รายการใกล้เคียง
    ผู้แต่ง [สุกัญญา สุนทรส]

    หัวเรื่อง [ชีวโมเลกุล]
    หัวเรื่อง [ชีวเคมี]

BibComment


ยังไม่เคยถูกคอมเมนท์

คอมเมนท์ทรัพยากรรายการนี้
  คอมเมนท์: ชีวโมเลกุล สุกัญ..


 Copyright 2026. Bcnsprnw @Library